Statistiques concernant Pokémon se terminant par S

Cliquez ici pour prendre le quiz!

Statistiques générales

  • Ce quiz a été pris 229 fois
    (176 depuis la dernière actualisation)
  • Le résultat moyen est 27 sur 65

Statistiques - réponses

HintRéponse% Correct
493Arceus
74%
017Roucoups
74%
046Paras
70%
092Fantominus
67%
099Krabboss
67%
048Mimitoss
67%
121Staross
67%
131Lokhlass
65%
079Ramoloss
63%
128Tauros
63%
058Caninos
61%
080Flagadoss
61%
380Latias
57%
381Latios
57%
052Miaouss
57%
645Démétéros
54%
642Fulguris
54%
158Kaiminus
54%
892Shifours
54%
641Boréas
52%
891Wushours
52%
486Regigigas
50%
387Tortipouss
50%
890Éthernatos
48%
141Kabutops
48%
578Méios
48%
386Deoxys
46%
577Nucléos
46%
579Symbios
46%
408Kranidos
43%
409Charkos
41%
090Kokiyas
41%
372Drackhaus
37%
168Migalos
37%
368Rosabyss
37%
357Tropius
37%
564Carapagos
35%
112Rhinoféros
35%
266Armulys
33%
268Blindalys
33%
760Chelours
33%
430Corboss
33%
450Hippodocus
33%
449Hippopotas
33%
818Lézargus
33%
565Mégapagos
33%
716Xerneas
33%
823Corvaillus
28%
668Némélios
28%
468Togekiss
28%
705Colimucus
26%
510Léopardus
26%
706Muplodocus
26%
754Floramantis
24%
671Florges
24%
205Foretress
24%
853Krakos
24%
350Milobellus
24%
753Mimantis
24%
680Dimoclès
22%
697Rexillius
22%
750Bourrinos
20%
850Grillepattes
17%
346Vacilys
17%
857Chapotus
11%

Distribution des résultats

Percentile par nombre de réponses

% des personnes avec chaque résultat

Votre développement - résultats

Vous n’avez pas pris ce quiz depuis la dernière actualisation